[Event "DEM U12 2025"]
[Site "Willingen GER"]
[Date "2025.06.10"]
[Round "4"]
[White "Moskalenko, Michael"]
[Black "Retzlaff, Nick"]
[Result "0-1"]
[Termination "normal"]
[Board "11"]
[WhiteElo "1720"]
[BlackElo "1790"]
[WhiteClock "00:27:04"]
[BlackClock "00:32:01"]
[PlyCount "90"]
[WhiteFideId "34608877"]
[BlackFideId "34610367"]
[EventCountry "GER"]
[EventRounds "9"]
[EventType "swiss"]
[EventDate "2025.06.07"]

1. d4 {[%clk 01:30:58]} {[%emt 00:00:02]} Nf6 {[%clk 01:30:52]} {[%emt
00:00:08]} 2. c4 {[%clk 01:31:21]} {[%emt 00:00:07]} g6 {[%clk 01:31:10]}
{[%emt 00:00:12]} 3. Nc3 {[%clk 01:31:45]} {[%emt 00:00:06]} Bg7 {[%clk
01:31:35]} {[%emt 00:00:05]} 4. e4 {[%clk 01:32:11]} {[%emt 00:00:03]} d6
{[%clk 01:32:02]} {[%emt 00:00:03]} 5. Nf3 {[%clk 01:32:37]} {[%emt 00:00:04]}
O-O {[%clk 01:32:28]} {[%emt 00:00:05]} 6. Be2 {[%clk 01:33:03]} {[%emt
00:00:03]} e5 {[%clk 01:32:40]} {[%emt 00:00:18]} 7. O-O {[%clk 01:33:16]}
{[%emt 00:00:16]} Na6 {[%clk 01:33:07]} {[%emt 00:00:04]} 8. Be3 {[%clk
01:33:05]} {[%emt 00:00:41]} Qe7 {[%clk 01:33:30]} {[%emt 00:00:07]} 9. Rb1
{[%clk 01:30:45]} {[%emt 00:02:50]} c6 {[%clk 01:12:27]} {[%emt 00:21:34]} 10.
Bd3 {[%emt 00:24:09]} Nb4 {[%clk 01:08:47]} {[%emt 00:04:08]} 11. a3 {[%clk
01:02:37]} {[%emt 00:05:00]} Nxd3 {[%clk 01:09:08]} {[%emt 00:00:09]} 12. Qxd3
{[%clk 01:03:02]} {[%emt 00:00:05]} Ng4 {[%clk 01:08:42]} {[%emt 00:00:56]} 13.
Bg5 {[%clk 01:01:09]} {[%emt 00:02:23]} f6 {[%clk 01:08:28]} {[%emt 00:00:44]}
14. Bd2 {[%clk 01:00:21]} {[%emt 00:01:18]} f5 {[%clk 01:08:17]} {[%emt
00:00:41]} 15. b4 {[%clk 00:55:22]} {[%emt 00:05:29]} Nf6 {[%clk 01:00:39]}
{[%emt 00:08:07]} 16. dxe5 {[%clk 00:48:50]} {[%emt 00:07:02]} dxe5 {[%clk
01:01:01]} {[%emt 00:00:09]} 17. Rbd1 {[%clk 00:44:47]} {[%emt 00:04:33]} Rd8
{[%clk 00:57:24]} {[%emt 00:04:06]} 18. Qe2 {[%clk 00:40:56]} {[%emt 00:04:20]}
f4 {[%clk 00:55:52]} {[%emt 00:02:03]} 19. c5 {[%clk 00:33:46]} {[%emt
00:07:41]} b5 {[%clk 00:48:55]} {[%emt 00:07:27]} 20. cxb6 {[%clk 00:31:50]}
{[%emt 00:02:27]} axb6 {[%clk 00:45:44]} {[%emt 00:03:40]} 21. Qc4+ {[%clk
00:28:54]} {[%emt 00:03:25]} Be6 {[%clk 00:26:25]} {[%emt 00:19:49]} 22. Qe2
{[%clk 00:13:11]} {[%emt 00:16:12]} Bb3 {[%clk 00:24:27]} {[%emt 00:02:30]} 23.
Ra1 {[%clk 00:11:04]} {[%emt 00:02:35]} b5 {[%clk 00:24:19]} {[%emt 00:00:39]}
24. Rfc1 {[%clk 00:08:45]} {[%emt 00:02:49]} Bc4 {[%clk 00:19:35]} {[%emt
00:05:16]} 25. Qe1 {[%clk 00:08:39]} {[%emt 00:00:36]} Ra7 {[%clk 00:16:23]}
{[%emt 00:03:42]} 26. a4 {[%clk 00:06:34]} {[%emt 00:02:35]} Ne8 {[%clk
00:14:09]} {[%emt 00:02:44]} 27. axb5 {[%clk 00:06:22]} {[%emt 00:00:42]} Rxa1
{[%clk 00:13:52]} {[%emt 00:00:46]} 28. Rxa1 {[%clk 00:06:47]} {[%emt
00:00:06]} cxb5 {[%clk 00:14:12]} {[%emt 00:00:10]} 29. Nd1 {[%clk 00:05:55]}
{[%emt 00:01:22]} g5 {[%clk 00:13:49]} {[%emt 00:00:53]} 30. h3 {[%clk
00:05:11]} {[%emt 00:01:14]} h5 {[%clk 00:13:12]} {[%emt 00:01:07]} 31. Bc3
{[%clk 00:05:13]} {[%emt 00:00:28]} g4 {[%clk 00:12:25]} {[%emt 00:01:16]} 32.
hxg4 {[%clk 00:05:11]} {[%emt 00:00:33]} hxg4 {[%clk 00:12:43]} {[%emt
00:00:12]} 33. Nd2 {[%clk 00:05:24]} {[%emt 00:00:16]} Bd3 {[%clk 00:10:22]}
{[%emt 00:02:52]} 34. Nb2 {[%clk 00:05:34]} {[%emt 00:00:20]} Qh4 {[%clk
00:09:50]} {[%emt 00:01:02]} 35. Nxd3 {[%clk 00:04:26]} {[%emt 00:01:38]} Rxd3
{[%clk 00:10:14]} {[%emt 00:00:06]} 36. Nb3 {[%clk 00:04:39]} {[%emt 00:00:17]}
f3 {[%clk 00:09:11]} {[%emt 00:01:33]} 37. Nc5 {[%clk 00:03:36]} {[%emt
00:01:33]} fxg2 {[%clk 00:08:40]} {[%emt 00:01:01]} 38. Kxg2 {[%clk 00:03:40]}
{[%emt 00:00:26]} Qh3+ {[%clk 00:08:30]} {[%emt 00:00:39]} 39. Kg1 {[%clk
00:03:59]} {[%emt 00:00:11]} Rxc3 {[%clk 00:08:39]} {[%emt 00:00:21]} 40. Ra8
{[%clk 00:04:03]} {[%emt 00:00:25]} g3 {[%clk 00:05:45]} {[%emt 00:03:24]} 41.
Rxe8+ {[%clk 00:27:41]} {[%emt 00:06:52]} Kh7 {[%clk 00:31:42]} {[%emt
00:04:32]} 42. Ne6 {[%clk 00:27:19]} {[%emt 00:00:52]} gxf2+ {[%clk 00:31:17]}
{[%emt 00:00:55]} 43. Kxf2 {[%clk 00:27:00]} {[%emt 00:00:49]} Rc2+ {[%clk
00:31:19]} {[%emt 00:00:27]} 44. Qe2 {[%clk 00:26:42]} {[%emt 00:00:50]} Qh2+
{[%clk 00:31:41]} {[%emt 00:00:07]} 45. Kf1 {[%clk 00:27:04]} {[%emt 00:00:07]}
Qxe2+ {[%clk 00:32:01]} {[%emt 00:00:12]} 0-1

[Event "DEM U12 2025"]
[Site "Willingen GER"]
[Date "2025.06.10"]
[Round "4"]
[White "Meitzner, Jonathan Franz"]
[Black "Rogner, Alexander Luis"]
[Result "1/2-1/2"]
[Termination "normal"]
[Board "12"]
[WhiteElo "1766"]
[BlackElo "1811"]
[WhiteClock "00:44:38"]
[BlackClock "00:22:38"]
[PlyCount "94"]
[WhiteFideId "34616110"]
[BlackFideId "34606556"]
[EventCountry "GER"]
[EventRounds "9"]
[EventType "swiss"]
[EventDate "2025.06.07"]

1. e4 {[%clk 01:30:58]} {[%emt 00:00:01]} e5 {[%clk 01:30:55]} {[%emt
00:00:05]} 2. Nf3 {[%clk 01:31:19]} {[%emt 00:00:08]} Nc6 {[%clk 01:31:19]}
{[%emt 00:00:06]} 3. Bc4 {[%clk 01:31:42]} {[%emt 00:00:07]} Bc5 {[%clk
01:31:44]} {[%emt 00:00:06]} 4. c3 {[%clk 01:32:07]} {[%emt 00:00:06]} Nf6
{[%clk 01:31:40]} {[%emt 00:00:33]} 5. d4 {[%clk 01:32:02]} {[%emt 00:00:35]}
exd4 {[%clk 01:31:47]} {[%emt 00:00:23]} 6. e5 {[%clk 01:32:25]} {[%emt
00:00:07]} d5 {[%clk 01:31:45]} {[%emt 00:00:32]} 7. Bb5 {[%clk 01:32:48]}
{[%emt 00:00:07]} Ne4 {[%clk 01:32:05]} {[%emt 00:00:10]} 8. cxd4 {[%clk
01:33:08]} {[%emt 00:00:10]} Bb6 {[%clk 01:32:30]} {[%emt 00:00:05]} 9. Nc3
{[%clk 01:33:09]} {[%emt 00:00:29]} Bg4 {[%clk 01:32:42]} {[%emt 00:00:18]} 10.
Be3 {[%clk 01:32:50]} {[%emt 00:00:49]} O-O {[%clk 01:33:01]} {[%emt 00:00:10]}
11. h3 {[%clk 01:32:04]} {[%emt 00:01:17]} Bh5 {[%clk 01:33:24]} {[%emt
00:00:06]} 12. Qc2 {[%clk 01:25:10]} {[%emt 00:07:25]} Nxc3 {[%clk 01:31:59]}
{[%emt 00:01:56]} 13. bxc3 {[%clk 01:25:15]} {[%emt 00:00:24]} f6 {[%clk
01:14:59]} {[%emt 00:17:30]} 14. exf6 {[%clk 01:19:28]} {[%emt 00:06:17]} Qxf6
{[%clk 01:15:04]} {[%emt 00:00:24]} 15. Ng5 {[%clk 01:15:43]} {[%emt 00:04:15]}
Bg6 {[%clk 01:14:34]} {[%emt 00:01:01]} 16. Bd3 {[%clk 01:16:06]} {[%emt
00:00:08]} Bxd3 {[%clk 01:14:00]} {[%emt 00:01:03]} 17. Qxd3 {[%clk 01:16:29]}
{[%emt 00:00:08]} Qf5 {[%clk 01:11:04]} {[%emt 00:03:25]} 18. Qxf5 {[%clk
01:16:35]} {[%emt 00:00:24]} Rxf5 {[%clk 01:11:27]} {[%emt 00:00:06]} 19. O-O
{[%clk 01:16:47]} {[%emt 00:00:18]} Na5 {[%clk 01:09:21]} {[%emt 00:02:37]} 20.
Nf3 {[%clk 01:14:24]} {[%emt 00:02:54]} Nc4 {[%clk 01:09:34]} {[%emt 00:00:16]}
21. Nd2 {[%clk 01:09:20]} {[%emt 00:05:33]} Nxe3 {[%clk 01:00:27]} {[%emt
00:09:38]} 22. fxe3 {[%clk 01:09:44]} {[%emt 00:00:06]} Rxf1+ {[%clk 01:00:49]}
{[%emt 00:00:09]} 23. Rxf1 {[%clk 01:10:07]} {[%emt 00:00:06]} Re8 {[%clk
01:01:00]} {[%emt 00:00:18]} 24. Kf2 {[%clk 01:10:05]} {[%emt 00:00:32]} Rf8+
{[%clk 01:01:01]} {[%emt 00:00:30]} 25. Ke2 {[%clk 01:10:28]} {[%emt 00:00:07]}
Rxf1 {[%clk 01:01:21]} {[%emt 00:00:10]} 26. Nxf1 {[%clk 01:10:45]} {[%emt
00:00:13]} Kf7 {[%clk 01:01:21]} {[%emt 00:00:30]} 27. Kd3 {[%clk 01:10:57]}
{[%emt 00:00:18]} Ke6 {[%clk 01:01:21]} {[%emt 00:00:30]} 28. Nd2 {[%clk
01:09:55]} {[%emt 00:01:31]} c6 {[%clk 00:57:15]} {[%emt 00:04:37]} 29. c4
{[%clk 01:08:43]} {[%emt 00:01:42]} Bc7 {[%clk 00:57:17]} {[%emt 00:00:28]} 30.
cxd5+ {[%clk 01:07:49]} {[%emt 00:01:25]} Kxd5 {[%clk 00:55:33]} {[%emt
00:02:13]} 31. e4+ {[%clk 01:07:31]} {[%emt 00:00:48]} Kd6 {[%clk 00:52:05]}
{[%emt 00:03:58]} 32. Nc4+ {[%clk 01:06:44]} {[%emt 00:01:18]} Ke6 {[%clk
00:52:23]} {[%emt 00:00:12]} 33. Ne3 {[%clk 01:06:44]} {[%emt 00:00:30]} b5
{[%clk 00:50:41]} {[%emt 00:02:12]} 34. Nc2 {[%clk 01:00:45]} {[%emt 00:06:29]}
a5 {[%clk 00:50:52]} {[%emt 00:00:20]} 35. Ne1 {[%clk 00:59:47]} {[%emt
00:01:27]} h6 {[%clk 00:42:19]} {[%emt 00:09:03]} 36. Ke3 {[%clk 00:57:49]}
{[%emt 00:02:28]} g5 {[%clk 00:39:01]} {[%emt 00:03:47]} 37. Nd3 {[%clk
00:57:57]} {[%emt 00:00:22]} Bb6 {[%clk 00:38:38]} {[%emt 00:00:54]} 38. g4
{[%clk 00:53:58]} {[%emt 00:04:28]} Kd6 {[%clk 00:36:53]} {[%emt 00:02:16]} 39.
Nc1 {[%clk 00:50:31]} {[%emt 00:03:58]} Ke6 {[%clk 00:33:54]} {[%emt 00:03:29]}
40. Ne2 {[%clk 00:50:20]} {[%emt 00:00:40]} Bc7 {[%clk 00:29:49]} {[%emt
00:04:36]} 41. e5 {[%clk 00:48:42]} {[%emt 00:02:06]} Kd5 {[%clk 00:29:16]}
{[%emt 00:01:04]} 42. Kd3 {[%clk 00:48:31]} {[%emt 00:00:41]} b4 {[%clk
00:28:32]} {[%emt 00:01:14]} 43. Ng3 {[%clk 00:46:36]} {[%emt 00:02:25]} c5
{[%clk 00:28:27]} {[%emt 00:00:35]} 44. dxc5 {[%clk 00:47:04]} {[%emt
00:00:02]} Bxe5 {[%clk 00:27:44]} {[%emt 00:01:13]} 45. Nf5 {[%clk 00:46:43]}
{[%emt 00:00:50]} Kxc5 {[%clk 00:28:05]} {[%emt 00:00:10]} 46. Nxh6 {[%clk
00:47:07]} {[%emt 00:00:06]} a4 {[%clk 00:28:23]} {[%emt 00:00:12]} 47. Kc2
{[%clk 00:44:38]} {[%emt 00:03:00]} Kc4 {[%clk 00:22:38]} 1/2-1/2

[Event "DEM U12 2025"]
[Site "Willingen GER"]
[Date "2025.06.10"]
[Round "4"]
[White "Wagener, Nicolas"]
[Black "Zargaran, Sepas"]
[Result "1/2-1/2"]
[Termination "normal"]
[Board "13"]
[WhiteElo "1765"]
[BlackElo "1944"]
[WhiteClock "00:28:43"]
[BlackClock "00:40:29"]
[PlyCount "93"]
[WhiteFideId "34607935"]
[BlackFideId "34625275"]
[EventCountry "GER"]
[EventRounds "9"]
[EventType "swiss"]
[EventDate "2025.06.07"]

1. d4 {[%clk 01:30:58]} {[%emt 00:00:03]} Nf6 {[%clk 01:30:52]} {[%emt
00:00:08]} 2. Nf3 {[%clk 01:31:21]} {[%emt 00:00:06]} e6 {[%clk 01:31:12]}
{[%emt 00:00:11]} 3. e3 {[%clk 01:31:44]} {[%emt 00:00:08]} b6 {[%clk
01:31:32]} {[%emt 00:00:09]} 4. b3 {[%clk 01:32:06]} {[%emt 00:00:09]} Bb7
{[%clk 01:31:52]} {[%emt 00:00:09]} 5. Bb2 {[%clk 01:32:28]} {[%emt 00:00:08]}
d5 {[%clk 01:30:11]} {[%emt 00:02:11]} 6. Bd3 {[%clk 01:32:52]} {[%emt
00:00:06]} Bd6 {[%clk 01:29:41]} {[%emt 00:01:00]} 7. Nbd2 {[%clk 01:33:11]}
{[%emt 00:00:11]} Nbd7 {[%clk 01:29:28]} {[%emt 00:00:42]} 8. O-O {[%clk
01:32:21]} {[%emt 00:01:21]} O-O {[%clk 01:29:31]} {[%emt 00:00:27]} 9. Ne5
{[%clk 01:32:43]} {[%emt 00:00:08]} Ne4 {[%clk 01:23:06]} {[%emt 00:06:54]} 10.
f3 {[%clk 01:32:42]} {[%emt 00:00:30]} Nxd2 {[%clk 01:20:18]} {[%emt 00:03:20]}
11. Qxd2 {[%clk 01:33:05]} {[%emt 00:00:07]} Bxe5 {[%clk 01:17:22]} {[%emt
00:03:26]} 12. dxe5 {[%clk 01:33:29]} {[%emt 00:00:05]} c5 {[%clk 01:16:42]}
{[%emt 00:01:11]} 13. f4 {[%clk 01:31:12]} {[%emt 00:02:47]} Rc8 {[%clk
01:14:24]} {[%emt 00:02:47]} 14. Qe2 {[%clk 01:31:15]} {[%emt 00:00:27]} g6
{[%clk 01:01:51]} {[%emt 00:13:04]} 15. e4 {[%clk 01:20:45]} {[%emt 00:11:00]}
c4 {[%clk 00:59:04]} {[%emt 00:03:17]} 16. bxc4 {[%clk 01:20:44]} {[%emt
00:00:31]} dxe4 {[%clk 00:59:25]} {[%emt 00:00:09]} 17. Bxe4 {[%clk 01:20:53]}
{[%emt 00:00:20]} Bxe4 {[%clk 00:59:50]} {[%emt 00:00:06]} 18. Qxe4 {[%clk
01:21:03]} {[%emt 00:00:20]} Qc7 {[%clk 01:00:17]} {[%emt 00:00:04]} 19. Rad1
{[%clk 01:18:16]} {[%emt 00:03:16]} Nc5 {[%clk 00:58:57]} {[%emt 00:01:51]} 20.
Qe3 {[%clk 01:15:48]} {[%emt 00:02:54]} Na4 {[%clk 00:57:08]} {[%emt 00:02:22]}
21. Ba3 {[%clk 01:15:21]} {[%emt 00:00:53]} Rfd8 {[%clk 00:57:22]} {[%emt
00:00:18]} 22. Qb3 {[%clk 01:11:00]} {[%emt 00:04:53]} Rxd1 {[%clk 00:56:00]}
23. Rxd1 {[%clk 01:10:52]} {[%emt 00:02:30]} Nc5 {[%clk 00:56:11]} {[%emt
00:00:19]} 24. Qe3 {[%clk 01:09:31]} {[%emt 00:01:49]} Nb7 {[%clk 00:56:06]}
{[%emt 00:00:36]} 25. f5 {[%clk 01:00:53]} {[%emt 00:08:56]} exf5 {[%clk
00:31:57]} {[%emt 00:24:51]} 26. e6 {[%clk 01:01:01]} {[%emt 00:00:22]} Re8
{[%clk 00:31:33]} {[%emt 00:00:55]} 27. e7 {[%clk 00:47:52]} {[%emt 00:13:39]}
Nc5 {[%clk 00:28:18]} {[%emt 00:03:45]} 28. Bxc5 {[%clk 00:33:09]} {[%emt
00:15:13]} bxc5 {[%clk 00:27:19]} {[%emt 00:01:30]} 29. Re1 {[%clk 00:33:11]}
{[%emt 00:00:27]} Kg7 {[%clk 00:20:54]} {[%emt 00:06:53]} 30. h4 {[%clk
00:27:10]} {[%emt 00:06:32]} Qd6 {[%clk 00:19:51]} {[%emt 00:01:33]} 31. Qe5+
{[%clk 00:15:42]} {[%emt 00:11:58]} Qxe5 {[%clk 00:19:39]} {[%emt 00:00:42]}
32. Rxe5 {[%clk 00:13:52]} {[%emt 00:02:20]} Kf6 {[%clk 00:19:56]} {[%emt
00:00:13]} 33. Rxc5 {[%clk 00:14:17]} {[%emt 00:00:05]} Rxe7 {[%clk 00:20:13]}
{[%emt 00:00:14]} 34. Kf2 {[%clk 00:13:40]} {[%emt 00:01:05]} h6 {[%clk
00:18:05]} {[%emt 00:02:39]} 35. Rc6+ {[%clk 00:10:58]} {[%emt 00:03:13]} Ke5
{[%clk 00:17:17]} {[%emt 00:01:18]} 36. h5 {[%clk 00:09:24]} {[%emt 00:02:02]}
gxh5 {[%clk 00:15:29]} {[%emt 00:02:20]} 37. Rxh6 {[%clk 00:09:42]} {[%emt
00:00:12]} Rc7 {[%clk 00:15:46]} {[%emt 00:00:13]} 38. Ra6 {[%clk 00:03:51]}
{[%emt 00:06:21]} Ke4 {[%clk 00:10:30]} {[%emt 00:05:45]} 39. c5 {[%clk
00:02:07]} {[%emt 00:02:14]} Rxc5 {[%clk 00:10:19]} {[%emt 00:00:42]} 40. Rxa7
{[%clk 00:02:31]} {[%emt 00:00:06]} Rxc2+ {[%clk 00:10:36]} {[%emt 00:00:13]}
41. Kg1 {[%clk 00:02:43]} {[%emt 00:00:17]} Kf4 {[%clk 00:10:42]} {[%emt
00:00:25]} 42. Rxf7 {[%clk 00:02:15]} {[%emt 00:00:56]} Rxa2 {[%clk 00:11:07]}
{[%emt 00:00:06]} 43. g3+ {[%clk 00:00:33]} {[%emt 00:02:12]} Kg4 {[%clk
00:10:26]} {[%emt 00:01:12]} 44. Rg7+ {[%clk 00:30:21]} {[%emt 00:00:41]} Kf3
{[%clk 00:40:20]} {[%emt 00:00:37]} 45. Rg5 {[%clk 00:30:22]} {[%emt 00:00:18]}
Rg2+ {[%clk 00:40:31]} {[%emt 00:00:29]} 46. Kh1 {[%clk 00:29:48]} {[%emt
00:01:01]} Ra2 {[%clk 00:40:29]} {[%emt 00:00:35]} 47. Kg1 {[%clk 00:28:43]}
{[%emt 00:01:02]} 1/2-1/2

[Event "DEM U12 2025"]
[Site "Willingen GER"]
[Date "2025.06.10"]
[Round "4"]
[White "Braren, Ove Neelis"]
[Black "Hoppe, Arthur"]
[Result "0-1"]
[Termination "normal"]
[Board "14"]
[WhiteElo "1716"]
[BlackElo "1922"]
[WhiteClock "00:30:01"]
[BlackClock "01:07:36"]
[PlyCount "60"]
[WhiteFideId "34663770"]
[BlackFideId "34618910"]
[EventCountry "GER"]
[EventRounds "9"]
[EventType "swiss"]
[EventDate "2025.06.07"]

1. e4 {[%clk 01:30:57]} {[%emt 00:00:02]} c5 {[%clk 01:30:56]} {[%emt
00:00:05]} 2. Nf3 {[%clk 01:30:55]} {[%emt 00:00:31]} a6 {[%clk 01:31:14]}
{[%emt 00:00:13]} 3. d4 {[%clk 01:15:22]} {[%emt 00:16:03]} cxd4 {[%clk
01:31:33]} {[%emt 00:00:10]} 4. Nxd4 {[%clk 01:15:41]} {[%emt 00:00:11]} Nf6
{[%clk 01:31:59]} {[%emt 00:00:03]} 5. Nc3 {[%clk 01:14:53]} {[%emt 00:01:20]}
Qc7 {[%clk 01:32:22]} {[%emt 00:00:07]} 6. a3 {[%clk 01:13:19]} {[%emt
00:02:03]} e6 {[%clk 01:32:42]} {[%emt 00:00:11]} 7. Be3 {[%clk 01:13:34]}
{[%emt 00:00:15]} b5 {[%clk 01:33:05]} {[%emt 00:00:07]} 8. f3 {[%clk
01:13:06]} {[%emt 00:00:58]} Bb7 {[%clk 01:33:23]} {[%emt 00:00:12]} 9. Be2
{[%clk 01:13:22]} {[%emt 00:00:13]} Bc5 {[%clk 01:33:30]} {[%emt 00:00:24]} 10.
Qd2 {[%clk 01:12:51]} {[%emt 00:01:00]} O-O {[%clk 01:33:27]} {[%emt 00:00:33]}
11. O-O {[%clk 01:12:48]} {[%emt 00:00:34]} Rd8 {[%clk 01:33:45]} {[%emt
00:00:11]} 12. Nb3 {[%clk 01:11:50]} {[%emt 00:01:29]} Be7 {[%clk 01:31:27]}
{[%emt 00:02:48]} 13. Rad1 {[%clk 01:09:15]} {[%emt 00:03:05]} d5 {[%clk
01:31:44]} {[%emt 00:00:13]} 14. exd5 {[%clk 01:04:35]} {[%emt 00:05:10]} Nxd5
{[%clk 01:31:39]} {[%emt 00:00:35]} 15. Nxd5 {[%clk 01:04:25]} {[%emt
00:00:39]} Bxd5 {[%clk 01:32:05]} {[%emt 00:00:06]} 16. Qc1 {[%clk 01:04:21]}
{[%emt 00:00:32]} Nd7 {[%clk 01:31:40]} {[%emt 00:00:55]} 17. Rd2 {[%clk
01:01:13]} {[%emt 00:03:37]} Rac8 {[%clk 01:31:58]} {[%emt 00:00:13]} 18. Nd4
{[%clk 01:00:37]} {[%emt 00:01:05]} Nf6 {[%clk 01:30:56]} {[%emt 00:01:33]} 19.
Rfd1 {[%clk 01:00:21]} {[%emt 00:00:45]} Bd6 {[%clk 01:31:22]} {[%emt
00:00:05]} 20. g3 {[%clk 00:58:59]} {[%emt 00:01:51]} h5 {[%clk 01:17:07]}
{[%emt 00:14:45]} 21. Bg5 {[%clk 00:38:56]} {[%emt 00:20:33]} Bxg3 {[%clk
01:17:27]} {[%emt 00:00:11]} 22. h4 {[%clk 00:37:45]} {[%emt 00:01:41]} Bh2+
{[%clk 01:07:28]} {[%emt 00:10:29]} 23. Kh1 {[%clk 00:35:25]} {[%emt 00:02:48]}
Ng4 {[%clk 01:07:53]} {[%emt 00:00:07]} 24. Rf1 {[%clk 00:33:29]} {[%emt
00:02:26]} Bg1 {[%clk 01:06:09]} {[%emt 00:02:14]} 25. Bd1 {[%clk 00:32:48]}
{[%emt 00:01:11]} Bxd4 {[%clk 01:06:36]} {[%emt 00:00:03]} 26. Bxd8 {[%clk
00:32:14]} {[%emt 00:01:04]} Qxd8 {[%clk 01:06:50]} {[%emt 00:00:15]} 27. Kg2
{[%clk 00:29:53]} {[%emt 00:02:52]} Qxh4 {[%clk 01:06:16]} {[%emt 00:01:03]}
28. Rh1 {[%clk 00:30:05]} {[%emt 00:00:18]} Ne3+ {[%clk 01:06:43]} {[%emt
00:00:04]} 29. Kg1 {[%clk 00:29:57]} {[%emt 00:00:37]} Qg3+ {[%clk 01:07:10]}
{[%emt 00:00:03]} 30. Rg2 {[%clk 00:30:01]} {[%emt 00:00:26]} Qxg2# {[%clk
01:07:36]} {[%emt 00:00:04]} 0-1

[Event "DEM U12 2025"]
[Site "Willingen GER"]
[Date "2025.06.10"]
[Round "4"]
[White "Beier, Martin"]
[Black "Teng, David"]
[Result "1-0"]
[Termination "normal"]
[Board "15"]
[WhiteElo "1781"]
[BlackElo "1837"]
[WhiteClock "00:57:41"]
[BlackClock "00:35:29"]
[PlyCount "57"]
[WhiteFideId "34631879"]
[BlackFideId "34604570"]
[EventCountry "GER"]
[EventRounds "9"]
[EventType "swiss"]
[EventDate "2025.06.07"]

1. e4 {[%clk 01:30:53]} {[%emt 00:00:07]} e6 {[%clk 01:30:42]} {[%emt
00:00:18]} 2. d4 {[%clk 01:30:58]} {[%emt 00:00:25]} d5 {[%clk 01:30:47]}
{[%emt 00:00:25]} 3. exd5 {[%clk 01:31:21]} {[%emt 00:00:08]} exd5 {[%clk
01:31:11]} {[%emt 00:00:05]} 4. Bd3 {[%clk 01:31:32]} {[%emt 00:00:19]} Bd6
{[%clk 01:31:22]} {[%emt 00:00:18]} 5. c3 {[%clk 01:31:34]} {[%emt 00:00:29]}
Nc6 {[%clk 01:31:04]} {[%emt 00:00:47]} 6. Ne2 {[%clk 01:30:28]} {[%emt
00:01:37]} Nge7 {[%emt 00:01:15]} 7. Bf4 {[%clk 01:29:57]} {[%emt 00:00:31]}
Bg4 {[%clk 01:29:54]} {[%emt 00:01:26]} 8. f3 {[%clk 01:29:07]} {[%emt
00:01:21]} Bf5 {[%clk 01:29:17]} {[%emt 00:01:04]} 9. Qc2 {[%clk 01:27:39]}
{[%emt 00:01:59]} Bxd3 {[%clk 01:27:51]} {[%emt 00:01:56]} 10. Qxd3 {[%clk
01:27:48]} {[%emt 00:00:21]} Qd7 {[%clk 01:27:18]} {[%emt 00:01:04]} 11. Nd2
{[%clk 01:27:17]} {[%emt 00:01:01]} O-O-O {[%clk 01:26:15]} {[%emt 00:01:33]}
12. O-O-O {[%clk 01:26:31]} {[%emt 00:01:14]} Kb8 {[%clk 01:22:32]} {[%emt
00:04:14]} 13. Nf1 {[%clk 01:24:03]} {[%emt 00:02:58]} Ng6 {[%clk 01:20:03]}
{[%emt 00:02:59]} 14. Bxd6 {[%clk 01:17:18]} {[%emt 00:07:16]} Qxd6 {[%clk
01:19:35]} {[%emt 00:00:58]} 15. Nfg3 {[%clk 01:16:17]} {[%emt 00:01:31]} Rhe8
{[%clk 01:17:58]} {[%emt 00:02:07]} 16. Rhe1 {[%clk 01:15:20]} {[%emt
00:01:27]} Qf6 {[%clk 01:14:54]} {[%emt 00:03:33]} 17. Qf5 {[%clk 01:11:42]}
{[%emt 00:04:09]} Qe6 {[%clk 01:04:33]} {[%emt 00:10:51]} 18. Qxe6 {[%clk
01:06:13]} {[%emt 00:05:59]} Rxe6 {[%clk 01:03:49]} {[%emt 00:01:14]} 19. Nf5
{[%clk 01:06:13]} {[%emt 00:00:30]} Nge7 {[%clk 00:59:29]} {[%emt 00:04:50]}
20. Nxe7 {[%clk 01:04:30]} {[%emt 00:02:13]} Rxe7 {[%clk 00:59:15]} {[%emt
00:00:44]} 21. Nf4 {[%clk 01:04:22]} {[%emt 00:00:39]} g5 {[%clk 00:55:14]}
{[%emt 00:04:30]} 22. Rxe7 {[%clk 01:04:07]} {[%emt 00:00:45]} Nxe7 {[%clk
00:55:37]} {[%emt 00:00:06]} 23. Re1 {[%clk 01:03:48]} {[%emt 00:00:50]} Nc8
{[%clk 00:50:30]} {[%emt 00:05:37]} 24. Nd3 {[%clk 01:03:45]} {[%emt 00:00:34]}
c6 {[%clk 00:49:08]} {[%emt 00:01:51]} 25. Re5 {[%clk 00:59:23]} {[%emt
00:04:52]} h6 {[%clk 00:47:54]} {[%emt 00:01:44]} 26. Rf5 {[%clk 00:59:01]}
{[%emt 00:00:53]} Nd6 {[%clk 00:42:05]} {[%emt 00:06:18]} 27. Rf6 {[%clk
00:59:05]} {[%emt 00:00:26]} Kc7 {[%clk 00:39:17]} {[%emt 00:03:18]} 28. Ne5
{[%clk 00:58:20]} {[%emt 00:01:15]} h5 {[%clk 00:35:29]} {[%emt 00:04:18]} 29.
Nxf7 {[%clk 00:57:41]} {[%emt 00:01:09]} 1-0